000 01074cam1a220026500 4500
001 lce00863705
008 730814r1973 nyua b 001 0beng
010 _a 73014540 //r85
020 _a0-374-92010-9
035 _a(Sirsi) r78670
035 _a(DLC) 73014540 //r85
035 _a(UPRA)lce00863705
043 _ae-fr---
050 0 _aDC 146.S135 Cur 1973
_bC8 1973
082 _a944.04/4/0924
100 1 _aCurtis, Eugene Newton, 1880-1944.
_dCurtis, Eugene Newton, 1880-1944.
_6A38468.1
245 1 0 _aSaint-Just, colleague of Robespierre.
260 _aNew York,
_bOctagon Books,
_c1973 [c1935]
500 _aReprint of the ed. published by Columbia University Press, New York.
504 _aBibliography: p. 387-[394].
600 2 0 _aSaint-Just, 1767-1794.
_dSaint-Just, 1767-1794.
_6S30266.1
651 0 _aFrance -- History -- Revolution, 1789-1799.
_xFrance -- History -- Revolution, 1789-1799.
_yFrance -- History -- Revolution, 1789-1799.
_6S4491.1
949 _aDC 146.S135 Cur 1973
_wlcc
_c 1
_i33729000043328
_mMAIN
_p2500
_tBOOK
_lON-SHELF
004 78670
999 _c69177
_d69177